Powerlines : (Record no. 18815)
[ view plain ]
| 000 -LEADER | |
|---|---|
| fixed length control field | 00665nam a2200169 4500 |
| 008 - FIXED-LENGTH DATA ELEMENTS--GENERAL INFORMATION | |
| fixed length control field | 040130s1990 pau 000 0 eng |
| 020 ## - INTERNATIONAL STANDARD BOOK NUMBER | |
| International Standard Book Number | 0875094333 :Php353.10/300.15 |
| 020 ## - INTERNATIONAL STANDARD BOOK NUMBER | |
| International Standard Book Number | 0875094341 |
| 090 ## - LOCALLY ASSIGNED LC-TYPE CALL NUMBER (OCLC); LOCAL CALL NUMBER (OCLC) | |
| Classification number (OCLC) (R) ; Classification number, CALL (RLIN) (NR) | BT119 |
| Local cutter number (OCLC) ; Book number/undivided call number, CALL (RLIN) | C45p |
| 245 10 - TITLE STATEMENT | |
| Title | Powerlines : |
| Remainder of title | what great Evangelicals believed about the Holy Spirit, 1850-1930 / |
| Statement of responsibility, etc | Leona Frances Choy. |
| 260 ## - PUBLICATION, DISTRIBUTION, ETC. (IMPRINT) | |
| Place of publication, distribution, etc | Camp Hill, Pa. : |
| Name of publisher, distributor, etc | Christian Publications, |
| Date of publication, distribution, etc | c1990. |
| 300 ## - PHYSICAL DESCRIPTION | |
| Extent | 321 p. ; |
| Dimensions | 22 cm. |
| 650 #4 - SUBJECT ADDED ENTRY--TOPICAL TERM | |
| Topical term or geographic name as entry element | Evangelicalism. |
| 650 #4 - SUBJECT ADDED ENTRY--TOPICAL TERM | |
| Topical term or geographic name as entry element | Holy Spirit |
| General subdivision | History of doctrines |
| Chronological subdivision | 19th century. |
| 650 #4 - SUBJECT ADDED ENTRY--TOPICAL TERM | |
| Topical term or geographic name as entry element | Holy Spirit |
| General subdivision | History of doctrines |
| Chronological subdivision | 20th century. |
| 951 ## - EQUIVALENCE OR CROSS-REFERENCE-GEOGRAPHIC NAME/AREA NAME [OBSOLETE] [CAN/MARC only] | |
| General subdivision | 00005510 |
| 951 ## - EQUIVALENCE OR CROSS-REFERENCE-GEOGRAPHIC NAME/AREA NAME [OBSOLETE] [CAN/MARC only] | |
| -- | 15093 |
| -- | BT119/C45p |
| -- | 070613111335031 |
| -- | 2000-12-21 |
| -- | GC |
| Withdrawn status | Lost status | Damaged status | Not for loan | Home library | Current library | Shelving location | Date acquired | Accession number | Shelving control number | Total Checkouts | Full call number | Barcode | Date last seen | Price effective from | Koha item type |
|---|---|---|---|---|---|---|---|---|---|---|---|---|---|---|---|
| BSOP Library | BSOP Library | GC | 12/21/2000 | 15093 | 127 | BT119/C45p | 00005510 | 02/23/2013 | 02/23/2013 | Books |
